| 000 | 00559nam a2200181Ia 4500 | ||
|---|---|---|---|
| 003 | LK-CoDNM | ||
| 008 | 010623t2002 xxu||||| |||| 00| 1 sin d | ||
| 040 |
_aLK-CoDNM _dLK-CoDNM _eLK-CoDNM |
||
| 041 | _asin | ||
| 080 | _a159.9 SAM | ||
| 100 | _aSamarasinghe,Seetha Sandaseeli. | ||
| 245 | _aමතකය වැඩි දියුණු කිරීමේ උපාය මාර්ග | ||
| 246 | _aMathakaya Vedidiyunu Kirime Upaaya Maarga | ||
| 260 |
_bGodage _aColombo _c2002 |
||
| 300 | _bviii,141p,ill., 21 cm | ||
| 650 | _aPsychology | ||
| 942 | _cBK | ||
| 999 |
_c122206 _d122206 |
||